মুসলিম বৈজ্ঞানিক জাবির এবনে হাইয়ান / (Record no. 27450)

MARC details
000 -LEADER
fixed length control field 00972nam a22002057a 4500
003 - CONTROL NUMBER IDENTIFIER
control field BDDh-ASL
005 - DATE AND TIME OF LATEST TRANSACTION
control field 20231016062615.0
008 - FIXED-LENGTH DATA ELEMENTS--GENERAL INFORMATION
fixed length control field 211103s1941 ii ||||| |||| 00| 0 b d
040 ## - CATALOGING SOURCE
Transcribing agency BDDh-ASL
082 ## - DEWEY DECIMAL CLASSIFICATION NUMBER
Classification number 925
Item number ALM
100 1# - MAIN ENTRY--PERSONAL NAME
9 (RLIN) 5653
Personal name আলী, এম আকবর
245 10 - TITLE STATEMENT
Title মুসলিম বৈজ্ঞানিক জাবির এবনে হাইয়ান /
246 ## - VARYING FORM OF TITLE
Title proper/short title Muslim Boigganik Jabir ebne Haiyan
260 ## - PUBLICATION, DISTRIBUTION, ETC.
Place of publication, distribution, etc. কলিকাতা:
Name of publisher, distributor, etc. মুহম্মদ আবদুল জব্বার,
Date of publication, distribution, etc. ১৯৪১।
300 ## - PHYSICAL DESCRIPTION
Extent ৯৭ পৃষ্ঠা, :
Dimensions ২২ সে. মি.
504 ## - BIBLIOGRAPHY, ETC. NOTE
Bibliography, etc. note গ্রন্থপঞ্জি সংযুক্ত ।
650 #0 - SUBJECT ADDED ENTRY--TOPICAL TERM
Topical term or geographic name entry element Scientist (বিজ্ঞানী), Astronomer, জ্যোতির্বিজ্ঞানী, Jyōtirbijñānī, ‍বিজ্ঞান, Science
9 (RLIN) 5654
650 #0 - SUBJECT ADDED ENTRY--TOPICAL TERM
Topical term or geographic name entry element biographical dictionary - চরিতাভিধান
9 (RLIN) 4665
942 ## - ADDED ENTRY ELEMENTS (KOHA)
Source of classification or shelving scheme Dewey Decimal Classification
Koha item type Books
Holdings
Withdrawn status Lost status Source of classification or shelving scheme Damaged status Not for loan Collection code Home library Current library Shelving location Date acquired Source of acquisition Total Checkouts Full call number Barcode Date last seen Copy number Price effective from Koha item type Public note
    Dewey Decimal Classification     Non-fiction Asiatic Society Library Asiatic Society Library General Stacks 11/03/2021 ASB Collection   925 ALM 113562 11/03/2021 C-1 11/03/2021 Books RARE

Powered by Koha